[Event "Hamar op B"]
[Site "Hamar"]
[Date "2002.11.07"]
[Round "5"]
[White "Brun, Nicolai"]
[Black "Feragen, Erik"]
[Result "0-1"]
[WhiteElo "1268"]
[BlackElo "1406"]
[PlyCount "112"]
[EventDate "2002.09.05"]
[EventType "swiss"]
[EventRounds "7"]
[EventCountry "NOR"]
[SourceTitle "EXT 2024"]
[Source "ChessBase"]
[SourceDate "2023.10.10"]
[SourceVersion "1"]
[SourceVersionDate "2023.10.10"]
[SourceQuality "1"]

1. e4 e6 2. Nf3 d5 3. e5 c5 4. c3 Nc6 5. d4 Qb6 6. b3 cxd4 7. cxd4 Bb4+ 8. Bd2 Nxd4 9. Bxb4 Nxf3+ 10. Qxf3 Qxb4+ 11. Nd2 Bd7 12. Qg3 g6 13. Qe3 Ne7 14. a3 Qa5 15. g4 h5 16. Be2 hxg4 17. Bxg4 Rc8 18. b4 Qc7 19. Nb3 Qc3+ 20. Qxc3 Rxc3 21. Nc5 Bc6 22. Kd2 Rc4 23. h3 b6 24. Nd3 Nf5 25. Bxf5 gxf5 26. f4 Rh4 27. a4 a6 28. Ra3 d4 29. Rh2 Be4 30. b5 a5 31. Kd1 Bxd3 32. Rxd3 Rxa4 33. Rf2 Ra1+ 34. Ke2 Ra2+ 35. Rd2 Rxd2+ 36. Kxd2 Rxh3 37. Kc2 Rc3+ 38. Kb2 a4 39. Rd2 Rb3+ 40. Ka2 d3 41. Rd1 Ke7 42. Rc1 d2 43. Rd1 Rd3 44. Kb2 a3+ 45. Kc2 Rd5 46. Kb3 Rxb5+ 47. Kxa3 Rd5 48. Kb3 f6 49. exf6+ Kxf6 50. Kc3 b5 51. Kb4 e5 52. fxe5+ Kxe5 53. Kc3 Ke4 54. Kc2 Ke3 55. Kc3 Ke2 56. Kc2 Rc5+ 0-1